Normal view MARC view
  • Michoacán

Entry Nombre Geográfico

Number of records used in: 7

001 - NÚMERO DE CONTROL

  • campo de control: 25314

003 - IDENTIFICADOR DE NUMERO DE CONTROL

  • campo de control: MX-MxUPN

005 - FECHA Y HORA DE LA ÜLTIMA TRANSACCIÓN

  • campo de control: 20250410092708.0

008 - DATOS DE LONGITUD FIJA

  • campo de control de longitud fija: 250410n| fcnnnbabn | ana |d

035 ## - NÚMERO DE CONTROL

  • Número de control: UPN10000025323

040 ## - FUENTE DE CATALOGACIÓN

  • Agencia de catalogación original: MX-MxUPN
  • Lenguaje de catalogación: spa
  • Agencia de transcripción: MX-MxUPN

151 ## - ENCABEZAMIENTO - NOMBRE GEOGRÁFICO

  • Nombre geográfico: Michoacán
  • Subdivisión general : Vida social y costumbres

670 ## - FUENTE EN LA QUE SE LOCALIZARON DATOS

  • Cita de la fuente: E

902 ## - CATALOGADOR

  • Catalogador: MCM/151199